Arithmetic complexity of computations /

Bibliographic Details
Main Author: Winograd, S.
Format: Book
Language:English
Published: Philadelphia, Pa. : Society for Industrial and Applied Mathematics, 1980.
Series:CBMS-NSF regional conference series in applied mathematics ; 33.
Subjects:

MARC

Tag First Indicator Second Indicator Subfields
LEADER 00000cam a2200000 a 4500
001 in00000075206
005 20151008060352.0
008 800730s1980 pau b 00010 engm
010 |a  79093154  
020 |a 0898711630 :  |c $10.50 
035 |a (OCoLC)06648815 
035 |9 AAJ5611AM 
040 |a DLC  |c DLC  |d m.c.  |d TXA  |d UtOrBLW 
049 |a TXAM  |c [1196465] 
050 0 0 |a QA243  |b .W56 
082 0 |a 512.9/44  |2 19 
100 1 |a Winograd, S. 
245 1 0 |a Arithmetic complexity of computations /  |c Shmuel Winograd. 
264 1 |a Philadelphia, Pa. :  |b Society for Industrial and Applied Mathematics,  |c 1980. 
300 |a 93 pages ;  |c 25 cm. 
336 |a text  |b txt  |2 rdacontent 
337 |a unmediated  |b n  |2 rdamedia 
338 |a volume  |b nc  |2 rdacarrier 
490 1 |a CBMS-NSF regional conference series in applied mathematics ;  |v 33 
500 |a "Based on lectures given by the author at the University of Pittsburgh"--Back cover. 
504 |a Bibliography: page 93. 
650 0 |a Bilinear forms  |x Data processing. 
650 0 |a Computational complexity. 
830 0 |a CBMS-NSF regional conference series in applied mathematics ;  |v 33. 
999 |a MARS 
999 f f |s f1eb8bd7-e6b6-30c5-8251-2fdb96020c44  |i 5f5dfd50-6562-35c4-9ca4-bbc2644ebe6a  |t 0 
952 f f |p ric  |a Texas A&M University  |b Rellis Campus  |c Joint Library Facility  |d Remote Storage  |t 0  |e QA243 .W56  |h Library of Congress classification  |i unmediated -- volume  |m A14806203548 
998 f f |a QA243 .W56  |t 0  |l Remote Storage